| 000 | 01173nam a22002777a 4500 | ||
|---|---|---|---|
| 003 | dpl | ||
| 005 | 20180615165457.0 | ||
| 008 | 180615b xxu||||| |||| 00| 0 eng d | ||
| 010 | _aB-142169 | ||
| 020 |
_c190.00 _a8126311061 |
||
| 035 | _aB-142169, B-142176 | ||
| 037 | _bCen Lib/Ret | ||
| 040 |
_aDPL _bHN _c0 |
||
| 082 |
_aउ _bदीक्षित |
||
| 100 |
_aदीक्षित, दामोदर दत्त _97439 |
||
| 245 |
_aधुआं और चीखें / _cदामोदर दत्त दीक्षित |
||
| 246 |
_aDhuan or cheekhen / _bby Damodar Datt Dikshit |
||
| 260 |
_aनयी दिल्ली _bभारतीय ज्ञानपीठ _c2006 |
||
| 270 |
_a18, इंस्टीटूश्नल एरिया, लोदी रोड _bनयी दिल्ली _e11003203 |
||
| 300 |
_a271पृ. _c19सेमी(सजिल्द ) |
||
| 650 |
_aहिंदी साहित्य _x _z _960236 |
||
| 650 |
_aहिंदी उपन्यास _960237 |
||
| 650 |
_aHindi literature _v _960238 |
||
| 650 |
_aHindi fiction _927248 |
||
| 942 |
_2ddc _cHN _hउ _mदीक्षित |
||
| 999 |
_c115169 _d115169 |
||